Diskutujme o zemědělství... ale objektivně a seriózně.

Zástanci radikálnych odporúčaní a nedomyslených riskantných riešení nechápu a nerešpektujú odvetvové zvláštnosti a špecifiká reprodukčného procesu v poľnohospodárstve. Názory zahraničných expertov o nutnosti postupného prechodu k veľkovýrobným formám s tesným spojením s priemyslom a obchodom ako per...

Descrizione completa

Salvato in:
Dettagli Bibliografici
Autore principale: Hubáček, J.
Natura: Capitolo di libro
Lingua:ceco
Soggetti:
Tags: Aggiungi Tag
Nessun Tag, puoi essere il primo ad aggiungerne!!

MARC

LEADER 00000naa a2200000 4500
001 r007323
005 20220831083602.2
041 0 |a cze 
044 |a [CS] 
245 1 0 |a Diskutujme o zemědělství... ale objektivně a seriózně.  |c J. Hubáček 
520 |a Zástanci radikálnych odporúčaní a nedomyslených riskantných riešení nechápu a nerešpektujú odvetvové zvláštnosti a špecifiká reprodukčného procesu v poľnohospodárstve. Názory zahraničných expertov o nutnosti postupného prechodu k veľkovýrobným formám s tesným spojením s priemyslom a obchodom ako perspektíva poľnohospodárstva. Lepšie ukazovatele pri medzinárodnom porovnaní. Trhovo fungujúca, konvertibilná ekonomika ako predpoklad úspešného vývoja. 
610 2 0 |a poľnohospodárstvo 
610 2 0 |a ČSFR 
610 2 0 |a politika poľnohospodárska 
610 2 0 |a výroba poľnohospodárska 
100 1 |a Hubáček, J.